| 000 | 00445nab a2200145Ia 4500 | ||
|---|---|---|---|
| 003 | ES-SlBCS | ||
| 005 | 20210601131745.0 | ||
| 008 | 140529s1929 xxu||||| |||| 00| 0 fre d | ||
| 041 | _afre | ||
| 100 | 1 |
_aLavocat, H.-M. _9188633 |
|
| 245 | 0 | 0 |
_aLa royauté sociale du Christ, d'après le cardinal Pie _c H.-M. Lavocat |
| 600 | 0 | 4 |
_aJesucristo _986422 |
| 773 | 0 |
_tVie Intelectuelle (La) _gvol. 2, nº. 9, 1929, págs. 994-996 _wRev907 |
|
| 942 | _cAR | ||
| 999 |
_c568263 _d568263 |
||